[Event "XVII Burgas Open"]
[Site "Ourense ESP"]
[Date "2008.07.03"]
[Round "1"]
[White "Paunovic,D"]
[Black "Piay Garcia,A"]
[Result "1-0"]
[WhiteElo "2539"]
[BlackElo "1938"]

1.d4 Nf6 2.c4 g6 3.Nc3 Bg7 4.e4 d6 5.Be2 O-O 6.Nf3 e5 7.d5 Ne8 8.O-O f5 9.exf5 gxf5
10.Ng5 Qe7 11.f4 e4 12.Be3 Nf6 13.Qb3 h6 14.Ne6 Re8 15.Nxg7 Qxg7 16.Nb5 a6
17.Nd4 b6 18.Qc3 Ng4 19.Bxg4 Qxg4 20.Rae1 a5 21.Bc1 Na6 22.Re3  1-0

[Event "XVII Burgas Open"]
[Site "Ourense ESP"]
[Date "2008.07.03"]
[Round "1"]
[White "Garcia Fernandez,M"]
[Black "Guerra Mendez,J"]
[Result "0-1"]
[WhiteElo "1873"]
[BlackElo "2456"]

1.d4 Nf6 2.c4 g6 3.Nc3 Bg7 4.e4 d6 5.Nf3 O-O 6.Be2 Nbd7 7.O-O e5 8.dxe5 dxe5
9.Qc2 c6 10.b4 Nh5 11.Rd1 Nf4 12.Bf1 Qc7 13.Be3 Ne6 14.Qd2 Re8 15.Rac1 a5
16.a3 axb4 17.axb4 Nf6 18.h3 Rd8 19.Qb2 Rxd1 20.Rxd1 Nh5 21.Qb3 f5 22.Ng5 Nxg5
23.Bxg5 Be6 24.Be3 b5 25.Bc5 Qf7 26.Qc2 Bxc4 27.Qd2 Bxf1 28.Rxf1 Nf4 29.Kh2 Ne6
30.Bb6 Qb7 31.Ba5 Nd4 32.Qa2+ Qf7 33.Qxf7+ Kxf7 34.Bb6 Ra3 35.Nb1 Rb3 36.Bc5 Bh6
37.exf5 gxf5 38.Rd1 Ke6 39.Nd2 Rd3 40.Bxd4 Rxd4 41.Rc1 Kd6 42.Nb3 Bxc1 43.Nxc1 Rxb4  0-1

[Event "ChInt Open"]
[Site "Paris FRA"]
[Date "2008.07.03"]
[Round "6"]
[White "Spielmann,Al"]
[Black "Shoker,S"]
[Result "1-0"]
[WhiteElo "2308"]
[BlackElo "2377"]

1.d4 g6 2.c4 Bg7 3.e4 d6 4.Nf3 Nf6 5.Nc3 O-O 6.Be2 e5 7.O-O exd4 8.Nxd4 Re8
9.f3 Nh5 10.g4 Nf6 11.Be3 h5 12.g5 Nh7 13.Qd2 Nxg5 14.Bxg5 Bxd4+ 15.Kh1 Bxc3
16.bxc3 f6 17.Bh4 Qe7 18.Rg1 Kh7 19.Bd3 Rg8 20.e5 dxe5 21.Rxg6 Rxg6 22.Rg1 e4
23.Bxe4 Qxe4 24.fxe4 Bg4 25.h3 Bf3+ 26.Kh2 Rxg1 27.Kxg1 Nc6 28.Qd7+ Kh6 29.Qf7  1-0

[Event "XII Izmailov Mem"]
[Site "Tomsk RUS"]
[Date "2008.07.03"]
[Round "9"]
[White "Nigametzianov,M"]
[Black "Iskusnyh,S"]
[Result "0-1"]
[WhiteElo "2373"]
[BlackElo "2467"]

1.d4 Nf6 2.c4 d6 3.Nf3 g6 4.Nc3 Bg7 5.e4 O-O 6.Be2 Nbd7 7.O-O e5 8.d5 Nc5
9.Qc2 a5 10.Ne1 Nfd7 11.Be3 f5 12.exf5 gxf5 13.f4 exf4 14.Bxf4 Ne5 15.Nf3 Bd7
16.Qd2 Qf6 17.Rad1 Nxf3+ 18.Bxf3 Rae8 19.Bh5 Ne4 20.Nxe4 Rxe4 21.b3 a4 22.g3 axb3
23.axb3 Ra8 24.Bf3 Rd4 25.Qxd4 Qxd4+ 26.Rxd4 Bxd4+ 27.Kh1 Ra3 28.Rb1 b5 29.Kg2 Ra2+
30.Kh3 Rf2 31.Bh5 Bc3 32.Rd1 Kf8 33.Rd3 Bf6 34.Rf3 Rc2 35.cxb5 Bxb5 36.g4 fxg4+
37.Bxg4 Kg7 38.Bf5 Rb2 39.Be6 Be8 40.Bf5 Bg6 41.Bxg6 Kxg6  0-1

[Event "XXXI Open"]
[Site "Barbera del Valles ESP"]
[Date "2008.07.04"]
[Round "1"]
[White "Vigo Allepuz,D"]
[Black "Perpinya Rofes,L"]
[Result "1/2-1/2"]
[WhiteElo "2156"]
[BlackElo "2385"]

1.d4 Nf6 2.c4 g6 3.Nc3 Bg7 4.e4 d6 5.Nf3 O-O 6.Be2 Na6 7.O-O e5 8.dxe5 dxe5
9.Bg5 h6 10.Qxd8 Rxd8 11.Bxf6 Bxf6 12.Rfd1 Rxd1+ 13.Rxd1 c6 14.Na4 Be6 15.a3 Bg7
16.b4 Rc8 17.Nd2 Bf8 18.c5 Nc7 19.Nc3 b6 20.cxb6 axb6 21.Nc4 Ra8 22.Nb1 b5
23.Nxe5 c5 24.bxc5 Bxc5 25.Nc3 Ra5 26.Nc6 Rxa3 27.Nxb5 Nxb5 28.Bxb5 Ra2 29.Nd4 Bg4
30.f3 Rb2 31.Kf1 Bxd4 32.Rxd4 Bxf3 33.gxf3 Rxb5 34.Kg2 Kg7  1/2-1/2

[Event "Sparkassen Open"]
[Site "Dortmund GER"]
[Date "2008.07.04"]
[Round "7"]
[White "Hoppe,U"]
[Black "Iseringhausen,M"]
[Result "0-1"]
[WhiteElo "2059"]
[BlackElo "1890"]

1.d4 Nf6 2.Nf3 g6 3.c4 Bg7 4.Nc3 O-O 5.e4 d6 6.Be2 e5 7.d5 a5 8.Bg5 Na6 9.Nd2 h6
10.Bh4 g5 11.Bg3 Nc5 12.h4 g4 13.h5 Bd7 14.Qc2 Nh7 15.O-O-O f5 16.f3 Qc8
17.fxg4 fxg4 18.Bh4 Bf6 19.Bxf6 Rxf6 20.Rdf1 Rxf1+ 21.Nxf1 Qf8 22.Qd2 Kg7
23.Qe3 Qf6 24.Ng3 Qf4 25.Kd2 Rf8 26.Rf1 Qxe3+ 27.Kxe3 Rxf1 28.Bxf1 Kf6 29.Nge2 Kg5
30.g3 Kxh5 31.b3 Kg5 32.Nc1 h5 33.a3 h4 34.b4 axb4 35.axb4 Na6 36.Nd3 Nf6
37.c5 hxg3 38.c6 bxc6 39.dxc6 Bc8 40.Bg2 Nh5 41.Nd5 Nf4 42.N5xf4 exf4+ 43.Nxf4 Nxb4
44.Ne2 Nxc6 45.Nxg3 Ne5  0-1

[Event "Sparkassen Open"]
[Site "Dortmund GER"]
[Date "2008.07.04"]
[Round "7"]
[White "Volkov,M"]
[Black "Markgraf,J"]
[Result "0-1"]
[WhiteElo "2084"]
[BlackElo "2048"]

1.d4 Nf6 2.c4 g6 3.Nc3 Bg7 4.e4 d6 5.Nf3 O-O 6.Be2 e5 7.d5 a5 8.Bg5 h6 9.Bh4 Na6
10.Nd2 Qe8 11.O-O Bd7 12.b3 Nh7 13.f3 h5 14.Rb1 Bh6 15.Bf2 f5 16.a3 Nc5 17.b4 axb4
18.axb4 Na4 19.Nxa4 Bxa4 20.Nb3 Nf6 21.Qd3 Bxb3 22.Rxb3 Ra2 23.c5 Rd2 24.Qc4 Qa4
25.Bd1 Qa2 26.Rc3 fxe4 27.Bb3 Qb2 28.Rc2 Rxc2 29.Bxc2 e3 30.Bg3 Qd4 31.Qxd4 exd4
32.Ra1 dxc5 33.bxc5 Nxd5 34.Bxg6 Bf4 35.Kf1 Bxg3 36.hxg3 h4 37.Ra4 hxg3 38.Rxd4 e2+
39.Ke1 Nf4 40.Bd3 Nxg2+ 41.Kxe2 Nf4+ 42.Kf1 Kg7 43.Be4  0-1

[Event "ChInt Open"]
[Site "Paris FRA"]
[Date "2008.07.04"]
[Round "7"]
[White "Guilleux,F"]
[Black "Brih,S"]
[Result "1-0"]
[WhiteElo "2391"]
[BlackElo "2208"]

1.Nf3 Nf6 2.c4 g6 3.Nc3 Bg7 4.e4 d6 5.d4 O-O 6.Be2 e5 7.Be3 exd4 8.Nxd4 Re8
9.f3 c6 10.Bf2 d5 11.exd5 cxd5 12.O-O a6 13.c5 Nbd7 14.c6 Ne5 15.cxb7 Bxb7
16.Rc1 Rc8 17.b3 Nh5 18.g3 f5 19.f4 Ng4 20.Bxg4 fxg4 21.Qxg4 Nf6 22.Qf3 Ne4
23.Nxe4 dxe4 24.Qe3 Qd5 25.Rfd1 Red8 26.Rxc8 Rxc8 27.h3 Kh8 28.Kh2 Rc3 29.Qxc3 e3
30.Nf3 Bxc3 31.Rxd5 Bxd5 32.Be1 Bb2 33.Ne5 a5 34.Nd3 Bd4 35.Bxa5 Be4 36.Ne5 Bb1
37.Nf3 Bb2 38.Bb6 Bc1 39.Nd4 Bd3 40.Kg2 Bd2 41.Kf3 Ba6 42.a4 Bc8 43.g4 h5
44.f5 Bb7+ 45.Ke2 gxf5 46.Nxf5 hxg4 47.hxg4 Ba6+ 48.Kd1 Bc8 49.Bxe3 Bb4 50.Bd2 Bf8
51.Kc2 Kh7 52.Bg5 Bb4 53.Bd2 Bf8 54.b4 Kg6 55.Kc3 Bxf5 56.gxf5+ Kxf5 57.Kc4 Ke6
58.Kb5 Kd7 59.Kb6 Kc8 60.Ka7 Bd6 61.a5 Bb8+ 62.Ka8 Be5 63.b5 Kc7 64.Be3 Bc3
65.b6+ Kc6 66.b7 Be5 67.a6  1-0

[Event "World Open"]
[Site "Philadelphia USA"]
[Date "2008.07.04"]
[Round "4"]
[White "Mohota,N"]
[Black "Naroditsky,D"]
[Result "1/2-1/2"]
[WhiteElo "2354"]
[BlackElo "2313"]

1.d4 Nf6 2.c4 g6 3.Nc3 Bg7 4.e4 d6 5.Nf3 O-O 6.Be2 Na6 7.O-O e5 8.Be3 c6
9.d5 c5 10.Ne1 Nd7 11.g4 f5 12.gxf5 gxf5 13.exf5 Nf6 14.Bd3 Qe8 15.Qf3 Nc7
16.Bg5 Kh8 17.Ng2 b5 18.Bxf6 Bxf6 19.cxb5 Bb7 20.a4 Rg8 21.Be4 Qf8 22.a5 Rb8
23.Ra3 Qe8 24.Rb3 Ba6 25.Qh3 Bxb5 26.Re1 a6  1/2-1/2

[Event "World Open"]
[Site "Philadelphia USA"]
[Date "2008.07.04"]
[Round "4"]
[White "Yang,Dar"]
[Black "Perelshteyn,E"]
[Result "0-1"]
[WhiteElo "2116"]
[BlackElo "2555"]

1.d4 Nf6 2.c4 g6 3.Nc3 Bg7 4.e4 d6 5.Nf3 O-O 6.Be2 Na6 7.O-O e5 8.Be3 Ng4
9.Bg5 Qe8 10.h3 f6 11.Bc1 Nh6 12.Be3 Nf7 13.dxe5 dxe5 14.c5 c6 15.Nd2 f5
16.f3 Qe7 17.Bxa6 bxa6 18.Qe2 f4 19.Bf2 g5 20.Rfd1 h5 21.Nc4 g4 22.hxg4 hxg4
23.Kf1 gxf3 24.gxf3 Qg5 25.Ke1 Qh5 26.Rd3 a5 27.Rc1 Ba6 28.Nb1 Rad8 29.Nbd2 Qh1+
30.Nf1 Ng5 31.Rdc3 Bf6  0-1

[Event "FSIM July"]
[Site "Budapest HUN"]
[Date "2008.07.05"]
[Round "1"]
[White "Rapport,R"]
[Black "Solomons,D"]
[Result "1-0"]
[WhiteElo "2275"]
[BlackElo "2216"]

1.d4 g6 2.c4 Bg7 3.Nc3 d6 4.Nf3 Nd7 5.e4 Ngf6 6.Be2 O-O 7.O-O e5 8.Be3 Re8
9.d5 Nh5 10.Re1 Bf8 11.b4 Ng7 12.Bf1 f5 13.exf5 gxf5 14.Bg5 Be7 15.Bxe7 Qxe7
16.c5 Nf6 17.Rc1 Rd8 18.Qb3 Kh8 19.Nb5 Nge8 20.g3 Qg7 21.Bh3 a6 22.Nc3 Ng4
23.cxd6 cxd6 24.Na4 Nef6 25.Nb6 Rb8 26.Qc2 Bd7 27.Nxd7 Qxd7 28.Nh4 e4 29.f3 exf3
30.Nxf3 Nxd5 31.Qb2+ Qg7 32.Qxg7+ Kxg7 33.Nd4 Ne5 34.Bg2 Nxb4 35.Ne6+ Kg6
36.Nxd8 Rxd8 37.Re2 b5 38.a3 Nbd3 39.Rd1 Rc8 40.Re3 Rc3 41.Bf1 Rxa3 42.Bxd3 b4
43.h3 a5 44.Kf2  1-0

[Event "ChInt Open"]
[Site "Paris FRA"]
[Date "2008.07.05"]
[Round "8"]
[White "Maisuradze,N"]
[Black "Shchekachev,A"]
[Result "1/2-1/2"]
[WhiteElo "2267"]
[BlackElo "2520"]

1.d4 Nf6 2.c4 d6 3.Nc3 Nbd7 4.e4 e5 5.Nf3 g6 6.Be2 Bg7 7.O-O O-O 8.Qc2 Re8
9.Rd1 exd4 10.Nxd4 c6 11.f3 a6 12.Bg5 h6 13.Bh4 Qc7 14.Rac1 Nc5 15.b4 Ne6
16.Nb3 a5 17.bxa5 Nd7 18.Bg3 Be5 19.Qd2 g5 20.Bxe5 dxe5 21.Na4 Nd4 22.Nxd4 exd4
23.c5 d3 24.Bxd3 Qxa5 25.Rc4 Ne5 26.Rd4 Qxd2 27.Rxd2 Be6 28.Be2 Ra5 29.Rb4 Rea8
30.Bd1 Nc4 31.Rd3 Ne5 32.Rd2 Nc4 33.Rd3 Ne5 34.Rd2 Nc4 35.Rd3 Ne5  1/2-1/2

[Event "5th Sth Wales Int"]
[Site "Trefforst WLS"]
[Date "2008.07.05"]
[Round "1"]
[White "Bernhardsson,S"]
[Black "Jones,Ri"]
[Result "1/2-1/2"]
[WhiteElo "2097"]
[BlackElo "2075"]

1.d4 Nf6 2.c4 g6 3.Nc3 Bg7 4.e4 O-O 5.Nf3 d6 6.Be2 e5 7.Be3 Ng4 8.Bg5 f6
9.Bh4 g5 10.Bg3 Nh6 11.O-O Kh8 12.Qd2 g4 13.Ne1 Nc6 14.dxe5 dxe5 15.Rd1 Be6
16.Nc2 Qe8 17.Nd5 Rc8 18.b4 Ne7 19.Nce3 Nc6 20.Nc2 Nd8 21.Nce3 c6 22.Nc3 Qg6
23.c5 Nhf7 24.Nc4 h5 25.Nd6 Nxd6 26.Qxd6 Re8 27.Qd2 Bh6 28.Qb2 Bg5 29.f4 gxf3
30.Bxf3 h4 31.Bf2 Nf7 32.Qe2 Rg8 33.Be3 Rg7 34.Bxg5 Nxg5 35.Rd2 Rcg8 36.Kh1 Qh6
37.Rfd1 Nxf3 38.Qxf3 Bg4 39.Qd3 Bxd1 40.Nxd1 Qf4 41.Rf2 Qg4 42.Ne3 Rd7 43.Qc2 Qg5
44.Nf5 Qg4 45.Nd6 Rdg7 46.Qd2 Qg5 47.Qe2 Qh6 48.h3 Qg6 49.Rf5 Rh7 50.Rf2 b6
51.Qf3 bxc5 52.bxc5 Rb8 53.Qxf6+ Qxf6 54.Rxf6 Rb1+ 55.Kh2 Rc1 56.Nf5 Rb7
57.Rxc6 Re1 58.Rh6+ Kg8 59.c6 Rc7 60.Re6 Kf7 61.Rxe5 Rxc6 62.Ra5 Rxe4 63.Rxa7+ Kf6
64.Nh6 Rc2 65.Ng4+ Ke6 66.Ra6+ Ke7 67.Ra7+ Kd6 68.Ra6+ Kc7 69.Ra3 Ree2 70.Ne3 Rc1
71.Rc3+ Rxc3 72.Nd5+ Kd7 73.Nxc3 Rc2 74.Ne4 Rxa2 75.Ng5  1/2-1/2

[Event "FSGM July"]
[Site "Budapest HUN"]
[Date "2008.07.06"]
[Round "2"]
[White "Nguyen Huynh Minh Huy"]
[Black "Toth,E"]
[Result "1-0"]
[WhiteElo "2477"]
[BlackElo "2409"]

1.d4 Nf6 2.c4 g6 3.Nc3 Bg7 4.e4 d6 5.Nf3 O-O 6.Be2 e5 7.O-O Nbd7 8.Qc2 c6
9.d5 c5 10.Bg5 h6 11.Bd2 Nh5 12.g3 a6 13.a3 Qe8 14.Nh4 Nhf6 15.b4 Kh7 16.Kh1 Qe7
17.Rae1 Ne8 18.Ng2 a5 19.bxa5 Rxa5 20.Nb5 Ra8 21.a4 Bf6 22.f4 h5 23.Rf2 h4
24.gxh4 exf4 25.Bxf4 Ne5 26.Bg3 Kg7 27.h5 Rh8 28.Rg1 Bg5 29.hxg6 fxg6 30.Qc3 Bf6
31.Rxf6 Nxf6 32.Nxd6 Nfd7 33.Nh4 Kh7 34.Nhf5 Qf8 35.Bxe5 Nxe5 36.Qxe5 gxf5
37.Ne8  1-0

[Event "Sparkassen Open"]
[Site "Dortmund GER"]
[Date "2008.07.06"]
[Round "9"]
[White "Skutta,B"]
[Black "Langers,A"]
[Result "0-1"]
[WhiteElo "2077"]
[BlackElo "2203"]

1.d4 Nf6 2.Nf3 g6 3.c4 Bg7 4.Nc3 O-O 5.e4 d6 6.Be2 e5 7.O-O exd4 8.Nxd4 Re8
9.f3 c6 10.Be3 d5 11.Nc2 dxe4 12.Qxd8 Rxd8 13.Rad1 Re8 14.fxe4 Nbd7 15.Rd6 Nxe4
16.Nxe4 Rxe4 17.Rfd1 Re7 18.Bg4 f5 19.Bg5 Re8 20.Bf3 Ne5 21.Rd8 Be6 22.Rxa8 Rxa8
23.b3 Nxf3+ 24.gxf3 h6 25.Be3 g5 26.Rd6 Kf7 27.Nd4 Bc8 28.f4 Bf8 29.Rd8 gxf4
30.Bxf4 Be7 31.Rxc8 Rxc8 32.Nxf5 h5 33.Kf2 Kf6 34.Ng3 Kg6 35.Ne4 Rd8 36.Ke3 Rd1
37.Nc3 Ra1 38.Kd3 Bb4 39.a4 Bxc3 40.Kxc3 Rf1 41.Bb8 Rf3+ 42.Kb4 a6 43.a5 Kf5
44.Ka4 Ke4 45.Kb4 h4 46.Bc7 h3 47.Bd8 Rf5 48.Bc7 Kd3 49.Ka4 Kc2 50.Bd6 Rf3
51.b4 Kc3  0-1

[Event "Sparkassen Open"]
[Site "Dortmund GER"]
[Date "2008.07.06"]
[Round "9"]
[White "Muehlenhaus,S"]
[Black "Markgraf,J"]
[Result "1/2-1/2"]
[WhiteElo "2208"]
[BlackElo "2048"]

1.d4 Nf6 2.Nf3 g6 3.c4 Bg7 4.Nc3 d6 5.e4 O-O 6.Be2 e5 7.dxe5 dxe5 8.Qxd8 Rxd8
9.Bg5 Na6 10.Nd5 Nxd5 11.Bxd8 Nf4 12.g3 Nxe2 13.Kxe2 Be6 14.Rhd1 Bxc4+ 15.Ke1 Nb4
16.Bxc7 Nc2+ 17.Kd2 Nxa1 18.Rxa1 f6 19.Kc3 Be6 20.Ba5 b6 21.Bb4 a5 22.Ba3 b5
23.Bc5 Rc8 24.b4 Bf8 25.a3 Bxc5 26.bxc5 Rxc5+ 27.Kb2 Rc4 28.Nd2 Rd4 29.Kc2 Ra4
30.Rb1 b4 31.axb4 axb4 32.Nb3 Ra3 33.Nd2 Rc3+ 34.Kd1 b3 35.Ke2 f5 36.f3 Kf7
37.Rb2 Ke7 38.h3 h5 39.Rb1 Kd6 40.exf5 gxf5 41.g4 hxg4 42.hxg4 e4 43.gxf5 exf3+
44.Kf2 Bxf5 45.Rxb3 Rc2 46.Ke3 f2 47.Nf1 Bh3 48.Rd3+ Ke5 49.Rd1 Bg4 50.Rd2 Rxd2
51.Nxd2 f1=Q 52.Nxf1  1/2-1/2

[Event "7th Open"]
[Site "La Fere FRA"]
[Date "2008.07.06"]
[Round "2"]
[White "Dagnicourt,F"]
[Black "Feryn,A"]
[Result "0-1"]
[WhiteElo "1808"]
[BlackElo "1940"]

1.d4 Nf6 2.c4 g6 3.Nc3 Bg7 4.e4 d6 5.Nf3 O-O 6.Be2 e5 7.d5 a5 8.O-O Na6 9.h3 Nc5
10.Qc2 Bd7 11.a4 Qe8 12.Nd2 Qe7 13.Nb3 Nxb3 14.Qxb3 b6 15.Qc2 Ne8 16.Be3 f5
17.exf5 gxf5 18.f4 Qh4 19.Qd2 Nf6 20.fxe5 dxe5 21.Bg5 Qd4+ 22.Qxd4 exd4 23.Nb5 Bxb5
24.axb5 Ne4 25.Bf4 Rf7 26.Bd3 Nc5 27.Rf3 Re8 28.Rg3 Nxd3 29.Rxd3 Re2 30.Rb1 Rfe7
31.d6 cxd6 32.Bxd6 R7e3 33.Rxe3 Rxe3 34.Bc7 Re6 35.Rf1 d3 36.Rd1 Bd4+ 37.Kh1 Re3
38.Bf4 Re4 39.g3 Bxb2 40.Rxd3 a4 41.Rd8+ Kf7 42.Rd7+ Re7 43.Rxe7+ Kxe7 44.c5 a3
45.Bd6+ Kd7  0-1

[Event "Ladoga Summer"]
[Site "Novaya Ladoga RUS"]
[Date "2008.07.06"]
[Round "6"]
[White "Abramov,Valen"]
[Black "Sedov,Alek2"]
[Result "0-1"]
[WhiteElo "2339"]
[BlackElo "2246"]

1.d4 Nf6 2.c4 g6 3.Nc3 Bg7 4.e4 d6 5.Nf3 O-O 6.Be2 e5 7.O-O exd4 8.Nxd4 Nbd7
9.Be3 Nc5 10.f3 a5 11.Rc1 c6 12.Qd2 Nfd7 13.Rcd1 Re8 14.Nb3 Be5 15.g3 Qc7
16.Nd4 Bg7 17.Rfe1 Qb6 18.Kh1 a4 19.Rb1 Qa5 20.Red1 Ne5 21.b4 axb3 22.axb3 Qc7
23.Nc2 Bf8 24.Ra1 Rxa1 25.Nxa1 Be6 26.f4 Ng4 27.Bg1 Nf6 28.Bf3 Bg4 29.Bxg4 Nxg4
30.b4 Nxe4 31.Nxe4 Rxe4 32.h3 Nf6 33.Bd4 Nh5 34.Qd3 Qe7 35.Nc2 Qe6 36.Kg1 d5
37.cxd5 cxd5 38.Bf2 Qxh3 39.b5 Nf6 40.Ne3 Bc5 41.Nxd5 Bxf2+ 42.Kxf2 Qh2+
43.Kf3 Qh5+ 44.Kg2 Re2+ 45.Kf1 Nxd5 46.Qxd5 Qxd5 47.Rxd5 Rb2 48.f5 Kg7 49.g4 Kf6
50.Rd6+ Kg5 51.Rb6 Kxg4 52.Rxb7 f6 53.fxg6 hxg6 54.b6 g5 55.Rb8 f5 56.b7 f4
57.Ke1 f3 58.Kd1 f2 59.Rf8 Kg3  0-1

[Event "World Open"]
[Site "Philadelphia USA"]
[Date "2008.07.06"]
[Round "8"]
[White "Mohota,N"]
[Black "Tayar,J"]
[Result "0-1"]
[WhiteElo "2354"]
[BlackElo "2293"]

1.d4 Nf6 2.c4 g6 3.Nc3 Bg7 4.e4 d6 5.Nf3 O-O 6.Be2 e5 7.Be3 Ng4 8.Bg5 f6
9.Bh4 Nc6 10.d5 Ne7 11.Nd2 Nh6 12.O-O g5 13.Bg3 Ng6 14.Re1 Nf4 15.Bf1 f5
16.exf5 Nxf5 17.Nde4 Nd4 18.f3 h5 19.Bf2 g4 20.Ne2 gxf3 21.Nxd4 fxg2 22.Bxg2 Nxg2
23.Kxg2 Bg4 24.Qd2 exd4 25.Bxd4 Bxd4 26.Qxd4 Qh4 27.Re3 Rf2+ 28.Nxf2 Bf3+
29.Rxf3 Qxd4 30.Kh3 Kh8 31.Rf5 Qe3+ 32.Kh4 Qe7+ 33.Kg3 Rg8+ 34.Kf3 Rf8 35.Rxf8+ Qxf8+
36.Ke3 Qh6+ 37.Ke2 Qf4 38.Rd1 Qxc4+ 39.Rd3 Qxa2 40.Nd1 b5 41.Kd2 b4  0-1

[Event "World Open"]
[Site "Philadelphia USA"]
[Date "2008.07.06"]
[Round "9"]
[White "Pruess,D"]
[Black "Perelshteyn,E"]
[Result "1/2-1/2"]
[WhiteElo "2438"]
[BlackElo "2555"]

1.d4 Nf6 2.c4 g6 3.Nc3 Bg7 4.e4 d6 5.Nf3 O-O 6.Be2 Na6 7.O-O e5 8.Re1 Bg4
9.Be3 Bxf3 10.Bxf3 exd4 11.Bxd4 Nb4 12.e5 Nd7 13.Bxb7 Rb8 14.Bd5 c5 15.e6 Bxd4
16.e7 Qc8 17.exf8=Q+ Qxf8 18.Rb1 Qh6 19.Ne2 Be5 20.g3 Nxd5 21.Qxd5 Nf6 22.Qf3 Qd2
23.Red1 Qa5 24.Qa3 Qb6 25.Qd3 Qc6 26.Nc3 Bd4 27.Nb5 Rxb5 28.cxb5 Qd5 29.Qb3 Qf5
30.Rxd4 cxd4 31.Rd1 Ng4 32.Rd2 Ne5 33.f4 Qe4 34.Rd1 d3 35.fxe5 Qe3+ 36.Kh1 Qf3+
37.Kg1 Qe3+ 38.Kh1  1/2-1/2

[Event "Superfinal Chelyabinsk Oblast"]
[Site "Satka RUS"]
[Date "2008.07.06"]
[Round "12"]
[White "Lahno,Kateri"]
[Black "Yatsenko,A"]
[Result "1-0"]
[WhiteElo "2507"]
[BlackElo "2483"]

1.d4 d6 2.Nf3 Nf6 3.c4 g6 4.Nc3 Bg7 5.e4 O-O 6.Be2 Na6 7.O-O e5 8.Be3 Ng4
9.Bg5 Qe8 10.c5 dxc5 11.Bxa6 bxa6 12.Nd5 cxd4 13.Nxc7 Qd7 14.Nxa8 Bb7 15.h3 Nf6
16.Nxe5 Qd6 17.Nd3 Bxa8 18.Bxf6 Qxf6 19.Re1 Bh6 20.Qg4 Qd6 21.Rad1 a5 22.Qh4 Bg7
23.Qg5 Qa6 24.Qd2 Bc6 25.Rc1 Qb6 26.Rc5 Bb5 27.Rec1 a6 28.Rc8 Qe6 29.Rxf8+ Bxf8
30.Nc5 Qe5 31.f4 Qd6 32.a4 Bc6 33.Nb3 d3 34.Rc4 Qd7 35.Qxa5 Qa7+ 36.Kf1 Qb7
37.Nd2 f5 38.Qe5 Bxe4 39.Nxe4 fxe4 40.Qe6+ Kg7 41.Qxe4 Qb3 42.Rc7+  1-0

[Event "5th Sth Wales Int"]
[Site "Trefforst WLS"]
[Date "2008.07.06"]
[Round "3"]
[White "Wells,P"]
[Black "Rees,G"]
[Result "1-0"]
[WhiteElo "2526"]
[BlackElo "2065"]

1.d4 Nf6 2.c4 g6 3.Nc3 Bg7 4.e4 d6 5.Nf3 O-O 6.Be2 e5 7.Be3 h6 8.O-O Nc6
9.d5 Ne7 10.Nd2 Nh7 11.c5 f5 12.f3 f4 13.Bf2 g5 14.Nc4 Rf6 15.cxd6 cxd6 16.Nb5 a6
17.Bb6 Qd7 18.Nc7 Rb8 19.Rc1 h5 20.Ne6 Rg6 21.Bc7 b5 22.Nxd6 Ra8 23.Qb3 Rxe6
24.dxe6 Qxe6 25.Nxc8 Qxb3 26.Nxe7+ Kf7 27.axb3 Kxe7 28.Rfd1  1-0

[Event "XXVIII Open"]
[Site "Benasque ESP"]
[Date "2008.07.07"]
[Round "5"]
[White "Levin,F"]
[Black "Trent,L"]
[Result "1/2-1/2"]
[WhiteElo "2564"]
[BlackElo "2470"]

1.Nf3 Nf6 2.c4 g6 3.Nc3 Bg7 4.e4 d6 5.d4 O-O 6.Be2 e5 7.Be3 Ng4 8.Bg5 f6
9.Bc1 f5 10.exf5 exd4 11.Bg5 Qd7 12.Nd5 gxf5 13.Nxd4 Na6 14.O-O Kh8 15.Qd2 Nc5
16.f3 Ne5 17.b4 Na4 18.Bh6 c6 19.Bxg7+ Qxg7 20.Nf4 Qh6 21.g3 Rg8 22.Rac1 a5
23.bxa5 Bd7 24.Nb3 c5 25.Rcd1 Raf8 26.Rf2 Bc6 27.Qxd6 Qxd6 28.Rxd6 Nc3 29.Nxc5 Rd8
30.Rxd8 Rxd8 31.Nb3 Nxe2+ 32.Rxe2 Nxf3+ 33.Kf2 Nxh2 34.Nd5 Ng4+ 35.Ke1 h5
36.Re7 Rd6 37.Nc5 f4 38.Nxf4 Bf3 39.Nd5 Rc6 40.Ne6 Kg8 41.Ng5 Bxd5 42.cxd5 Ra6
43.Rxb7 Rxa5 44.d6 Nf6 45.Nh7 Re5+ 46.Kf2 Rf5+ 47.Ke3 Nxh7 48.Rb8+ Rf8 49.Rxf8+ Nxf8
50.a4 Kf7 51.a5 Nd7 52.a6 Ke6 53.a7 Nb6 54.Kf4 Kxd6 55.Kg5 Kc7 56.Kxh5 Kb7
57.g4 Nd5  1/2-1/2

[Event "XVII Burgas Open"]
[Site "Ourense ESP"]
[Date "2008.07.08"]
[Round "6"]
[White "Petkov,V"]
[Black "Cabezas Ayala,I"]
[Result "1/2-1/2"]
[WhiteElo "2423"]
[BlackElo "2336"]

1.d4 Nf6 2.c4 g6 3.Nc3 Bg7 4.e4 d6 5.Nf3 O-O 6.Be2 e5 7.Be3 Ng4 8.Bg5 f6
9.Bc1 exd4 10.Nxd4 f5 11.Bxg4 fxg4 12.Be3 Nc6 13.Nxc6 bxc6 14.Bd4 Bh6 15.O-O Be6
16.c5 Qe7 17.cxd6 cxd6 18.Re1 Qf7 19.Qc2 c5 20.Be3 Bg7 21.Rad1 Be5 22.Nd5 Rfb8
23.b3 a5 24.Bd2 Bd4 25.Bc3 Bxc3 26.Nxc3 Ra6 27.Qe2 Rc6 28.Nb5 Rbb6 29.Rd2 c4
30.Nd4 Rc8 31.Qe3 Rb7 32.e5 Re8 33.f4 gxf3 34.Nxf3 cxb3 35.Ng5 Qf5 36.Rf2 Qxe5
37.Qd2 bxa2 38.Rxe5 dxe5 39.Rf1 Rb1 40.Qxa5 Bc4 41.Re1 Reb8 42.Kf2 a1=Q 43.Qxa1 Rxa1
44.Rxa1  1/2-1/2

[Event "Maestro Open"]
[Site "Berdsk RUS"]
[Date "2008.07.09"]
[Round "2"]
[White "Korobkin,M"]
[Black "Agapov,Sergei"]
[Result "1-0"]
[WhiteElo "2363"]
[BlackElo "2121"]

1.d4 Nf6 2.Nf3 g6 3.c4 Bg7 4.Nc3 O-O 5.e4 d6 6.Be2 e5 7.Be3 c6 8.d5 c5 9.Nd2 Ne8
10.g4 f5 11.gxf5 gxf5 12.exf5 Bxf5 13.Bg4 e4 14.Bxf5 Rxf5 15.Qg4 Rf8 16.Rg1 Kh8
17.Ndxe4 Nd7 18.Ng5 Ne5 19.Qh3 h6 20.O-O-O Rf6 21.Ne6 Rxe6 22.Qxe6 Nc7 23.Qf5 Qe7
24.Qh5 Qf6 25.Ne4 Nd3+ 26.Rxd3 Qxb2+ 27.Kd1 Qb1+ 28.Ke2 Qxg1 29.Bxh6 Re8
30.Bxg7+ Kxg7 31.Rg3+ Qxg3 32.hxg3 Rxe4+ 33.Kf3 Rxc4 34.Qf5 Ne8 35.Qd7+ Kf8
36.g4 Rc1 37.g5 Re1 38.Qxb7 Re7 39.Qb3 Kf7 40.Kg4 Re1 41.f4 Ng7 42.Qb7+ Kg6
43.Qd7 Rg1+ 44.Kh3 Nh5 45.Qe6+ Kg7 46.Qh6+ Kg8 47.Kh2  1-0

[Event "Volga Cup IM"]
[Site "Kostroma RUS"]
[Date "2008.07.09"]
[Round "9"]
[White "Derbenev,A"]
[Black "Yarysh,G"]
[Result "1-0"]
[WhiteElo "2302"]
[BlackElo "2304"]

1.d4 Nf6 2.c4 d6 3.Nf3 g6 4.Nc3 Bg7 5.e4 O-O 6.Be2 e5 7.Be3 exd4 8.Nxd4 Re8
9.f3 Nc6 10.Nxc6 bxc6 11.Qd2 c5 12.O-O Bb7 13.Rad1 Nd7 14.Nd5 Bxd5 15.cxd5 f5
16.exf5 Qe7 17.Bb5 Qxe3+ 18.Qxe3 Rxe3 19.Bxd7 Bxb2 20.Rfe1 Rxe1+ 21.Rxe1 Bd4+
22.Kf1 Rb8 23.fxg6 hxg6 24.Re8+ Rxe8 25.Bxe8 g5 26.Ke2 c4 27.Bb5 c3 28.Kd3 Be5
29.g3 Kg7 30.Ba4 Kg6 31.Ke4 Bf6 32.Bc2 Be5 33.Bd3 Bf6 34.Ke3+ Kg7 35.f4 g4
36.Kf2 Bd4+ 37.Kg2 Kf6 38.h3 gxh3+ 39.Kxh3 Be3 40.Kg4 Bd2 41.Kf3 Kg7 42.g4 Kh6
43.Bc2 Bc1 44.Kg3 Bd2 45.g5+ Kh5 46.Bd1+ Kg6 47.Kg4 Bc1 48.Bc2+ Kf7 49.f5 Bd2
50.f6 a5 51.Kf5 Kf8 52.g6 Be3 53.Ke6 Bg5 54.g7+ Kg8 55.Bg6  1-0

[Event "7th Open"]
[Site "La Fere FRA"]
[Date "2008.07.09"]
[Round "6"]
[White "Mahan,J"]
[Black "Thomas,O"]
[Result "0-1"]
[WhiteElo "1544"]
[BlackElo "2105"]

1.d4 Nf6 2.c4 d6 3.Nc3 g6 4.e4 Bg7 5.Nf3 O-O 6.Be2 e5 7.dxe5 dxe5 8.Qxd8 Rxd8
9.Bg5 Re8 10.Bxf6 Bxf6 11.Nd5 Bd8 12.O-O c6 13.Nb4 Nd7 14.Nd3 Bc7 15.Nd2 Nf6
16.f3 Be6 17.b4 Red8 18.Rfd1 a5 19.Kh1 axb4 20.Nxb4 Ba5 21.a3 Bxb4 22.Nb3 Rxd1+
23.Rxd1 Rxa3 24.Na1 Rc3 25.Rb1 Bxc4 26.Bd1 c5 27.Bc2 Ra3 28.Nb3 Bxb3 29.Bxb3 Bc3
30.Bxf7+ Kxf7  0-1

[Event "XXIII Tadeusz Gniota Mem"]
[Site "Police POL"]
[Date "2008.07.09"]
[Round "1"]
[White "Jagerflod,K"]
[Black "Maes,W"]
[Result "0-1"]
[WhiteElo "2016"]
[BlackElo "2319"]

1.c4 g6 2.d4 Nf6 3.Nc3 Bg7 4.e4 d6 5.Nf3 O-O 6.Be2 Na6 7.O-O e5 8.d5 Nc5
9.Qc2 a5 10.Be3 Nfd7 11.Ne1 f5 12.f3 f4 13.Bf2 g5 14.Nd3 b6 15.b3 Nf6 16.a3 g4
17.b4 Nxd3 18.Qxd3 g3 19.hxg3 fxg3 20.Bxg3 Nh5 21.Bh2 Qg5 22.f4 Nxf4 23.Bxf4 exf4
24.b5 Be5 25.Rad1 Rf6 26.Nb1 Rg6 27.Bf3 Qh4 28.Rf2 Bd7 29.Kf1 Kh8 30.Ke2 Rg3
31.Rdf1 Rag8 32.Qd1 Qf6 33.Rh1 Bd4 34.Rff1 Bg4 35.Rh2 Qe5 36.Nd2 Bc3 37.Kd3 Rg7
38.Rf2 Qd4+ 39.Ke2 Bxd2 40.Qxd2 Qxe4+ 41.Kd1 Bxf3+  0-1

[Event "XXIII Tadeusz Gniota Mem"]
[Site "Police POL"]
[Date "2008.07.09"]
[Round "1"]
[White "Poltorzycki,D"]
[Black "Kostyra,M"]
[Result "0-1"]
[WhiteElo "1954"]
[BlackElo "2188"]

1.d4 Nf6 2.Nf3 g6 3.c4 Bg7 4.Nc3 O-O 5.e4 d6 6.Be2 e5 7.dxe5 dxe5 8.Qxd8 Rxd8
9.Nd5 Nxd5 10.cxd5 c6 11.Bc4 b5 12.Bb3 Bb7 13.dxc6 Nxc6 14.Bd5 Rxd5 15.exd5 Nb4
16.O-O Bxd5 17.Rd1 e4 18.Ne1 Bc4 19.a3 Nc6 20.a4 b4 21.a5 Nd4 22.Rxd4 Bxd4
23.Nc2 Bf6 24.Nxb4 Rd8 25.Be3 Bxb2 26.Rb1 a6 27.h3 Bf6 28.Nc6 Rc8 29.Rb6 Kg7
30.g4 Rc7 31.Nb8 Bc3 32.Nxa6 Rd7 33.Nb4 Rd1+ 34.Kg2 Be2 35.Kg3 Bf3 36.Nc6 h6
37.h4 Rg1+ 38.Kh2 Rxg4 39.Bd4+ Bxd4 40.Nxd4 Rg2+ 41.Kh3 Rxf2 42.a6 Ra2 43.Nxf3 exf3
44.Kg3 f2 45.Kg2 g5 46.h5 g4 47.Rc6 Kh7 48.Rf6 Kg7 49.Rb6 f5 50.Rg6+ Kf7
51.Rxh6  0-1

[Event "XXXI Open"]
[Site "Barbera del Valles ESP"]
[Date "2008.07.10"]
[Round "6"]
[White "Vilela de Acuna,J"]
[Black "Leks,H"]
[Result "1-0"]
[WhiteElo "2347"]
[BlackElo "2198"]

1.d4 Nf6 2.Nf3 g6 3.c4 Bg7 4.Nc3 d6 5.e4 O-O 6.Be2 Nbd7 7.O-O e5 8.Qc2 c6
9.Rd1 Qe7 10.d5 c5 11.Nh4 Nh5 12.g3 Nf4 13.Bf1 Nb6 14.Re1 Bf6 15.Nf3 Nh3+
16.Kg2 Bg7 17.Bd3 Bg4 18.Nd2 h5 19.f3 Bd7 20.Nf1 Kh7 21.Ne3 Kg8 22.Bd2 Ng5
23.h4 Nh7 24.Rf1 f6 25.Rf2 Rf7 26.Raf1 Qd8 27.g4 f5 28.exf5 gxf5 29.Nxf5 Bxf5
30.Bxf5 Nf8 31.Ne4  1-0